| 000 | 00388nam a2200133Ia 4500 | ||
|---|---|---|---|
| 005 | 20260328104336.0 | ||
| 008 | 260328s9999||||xx |||||||||||||| ||und|| | ||
| 100 | _aOspina Castañeda, Camilo | ||
| 245 | 0 |
_aGeometría Descriptiva Explorando La Manera De Aprender Y De Enseñar / _cCamilo Ospina Castañeda |
|
| 260 | _bCidar | ||
| 300 | _a125 p. | ||
| 650 | _aARQUITECTURA | ||
| 942 | _cBK | ||
| 999 |
_c11891 _d11891 |
||